000 01461nam a2200385 c 4500
999 _c173338
_d173338
003 BLK
005 20220225164156.0
008 180411b bul|||||r ||||||| ||bul||
010 _aKNG00181730000
020 _a978-619-7058-24-6
040 _aBLK
041 _aBUL
_cBUL
072 7 _2bullib
_aН8400
_xБългарска поезия Н
072 7 _2bullib
_aЯ
_xАвтографи
072 7 _2bullib
_aК
_xКраезнание
072 7 _2bullib
_aРА
_xРусенски автори
080 _aБългарска литература
_b821.163.2
_x-14
_z821.163.2-14
100 1 _aПенев, Пламен
_eпърви автор
_9268203
139 _aПенев, Пламен
_bП 34
245 1 0 _aНови новозаветни записки
_bКн. 1 -
_cПламен Пенев.
_nКн. 1
_pДневник от другия ден
257 _aBGR
260 _c2014 -
300 _c21 см
380 _aX
653 _aпоеми
659 _aК
659 _aН
659 _aЯ
760 1 _aПенев, Пламен
_dЛени Ан, 2014
_h113 с.
_nЗагл. на том от кор.
_tКн. 1 Дневник от другия ден
852 _aЦб 276761
852 _aК 821.163.2/П 34 П
856 4 _qpdf
856 4 _qpdf
942 _cKNG
_n0
_s1
944 _aCR
_c14.09.2015
_lф /
_kВиолета_Тройчева
944 _aED
_c13.07.2017
_lф /
_kЛюдмила_Стоянова
999 _d173338